000 00418nam a2200121Ia 4500
999 _c51515
_d51515
003 Ge_BSU
005 20200206165147.0
008 181216s2004||||ge |||||||||||||| ||geo||
041 _ageo
080 _a912.43(100) მ-90
245 _aმსოფლიოს ფიზიკური რუკა :
_b1:20 000 000 /
_cრედ. : ი.გოგიბერიშვილი, ვ.ბუაჩიძე.
942 _cMP
_2udc